Case news (Record no. 78131)

MARC details
000 -LEADER
fixed length control field 00944cab a2200205 4500
001 - CONTROL NUMBER
control field L136092
008 - FIXED-LENGTH DATA ELEMENTS--GENERAL INFORMATION
fixed length control field 070109n2007 000 0 eng u
035 ## - SYSTEM CONTROL NUMBER
System control number (Sirsi) u136092
041 0# - LANGUAGE CODE
Language code of text/sound track or separate title eng
100 1# - MAIN ENTRY--PERSONAL NAME
Personal name Ross, Jonathan
245 00 - TITLE STATEMENT
Title Case news
Remainder of title Business Environment Bow v Deanwater Estates LTD
260 ## - PUBLICATION, DISTRIBUTION, ETC.
Date of publication, distribution, etc. 2007
490 #0 - SERIES STATEMENT
Series statement Property Week
Volume/sequential designation 72(1) 5 January 2007, 57(1)
520 ## - SUMMARY, ETC.
Summary, etc. Discusses a case ([2006] Ch D) where a tenant relied on assurances from a landlord that it would not serve a terminal schedule of dilapidations on the tenant once the lease had expired. However the landlord issued a claim for dilapidations against its tenant. "Held": the court agreed that the assurances remained valid and were not intended to be overridden by subsequent changes in the lease.
590 ## - LOCAL NOTE (RLIN)
Local note KA
650 24 - SUBJECT ADDED ENTRY--TOPICAL TERM
Topical term or geographic name entry element BUSINESS ENVIRONMENT BOW V DEANWATER ESTATES
651 #4 - SUBJECT ADDED ENTRY--GEOGRAPHIC NAME
Geographic name LONDON
690 ## - LOCAL SUBJECT ADDED ENTRY--TOPICAL TERM (OCLC, RLIN)
Topical term or geographic name as entry element PROPERTY-LANDLORD AND TENANT
942 ## - ADDED ENTRY ELEMENTS (KOHA)
Suppress in OPAC 0
Holdings
Withdrawn status Lost status Source of classification or shelving scheme Damaged status Not for loan Home library Current library Shelving location Date acquired Total Checkouts Full call number Barcode Date last seen Copy number Price effective from Koha item type
    Dewey Decimal Classification     London London Journal article 09/01/2007   L136092 136092-1001 06/08/2019 1 06/08/2019 Archive